000 00305nam a2200109Ia 4500
008 220217s9999 xx 000 0 und d
245 0 _aSpecification for rubber closures (Pharmaceutical)
260 _c1965
500 _aStandard number: IS 3692
650 _aRubber closures, Pharmaceutical
942 _cST
999 _c73745
_d73745